000 00726nam a2200181Ia 4500
008 100920s9999 xx 000 0 und d
082 _b86957
_a24 न 02
100 _aनटराजन जे.
245 _aभारतीय पत्रकारिता का इतिहास.
260 _bसूचना और प्रसारण मन्त्रालय, भारत सरकार.
_c2002
300 _a361
_bसाधी
365 _b120
520 _aसायो.
630 _aभारतीय पत्रकारिता का इतिहास.
650 _aसायो.
730 _aभारतीय पत्रकारिता का इतिहास.
942 _cBOOK
999 _c727467
_d727464